000 01000nam a22003017a 4500
001 7717
003 FISKH
005 20260319153953.0
008 250801b cb ||||| |||| 00| 0 eng d
020 _a9780590925693
040 _aFISKH
_beng
_cFISKH
_dFISKH
050 _aPZ7.R1936 O
082 _a813.5
100 _aRathmann, Peggy
245 _aOfficer and gloria /
_cBy Peggy Rathmann
250 _aFirst Scholastic printing, September 1996
260 _aNew York :
_bScholastic ,
_c1995.
300 _a35 pages :
_bcolor illustrations ;
_c28 cm .
505 _aK
520 _aThe children at Napville Elementary School always ignore Officer Buckle's safety tips, until a police dog named Gloria accompanies him when he gives his safety speeches.
521 8 _a510
_bLexile estimate
521 8 _aK
_bRaz-Plus
650 _aCaldecott Medal
_vFiction
650 _aCommunity helpers
_vFiction
650 _aSaftey
_vFiction
942 _2ddc
_cBK
_n0
999 _c7717
_d7717